| 000 | 00746nam a22002297a 4500 | ||
|---|---|---|---|
| 003 | URS | ||
| 005 | 20240704235755.0 | ||
| 008 | 240704b |||||||| |||| 00| 0 eng d | ||
| 020 | _a1-58255-436-6 | ||
| 040 |
_bEnglish _cURS _erda |
||
| 050 |
_aRM301.12 _b.K375 2006 |
||
| 100 |
_aKarch, Amy M., _eauthor. |
||
| 245 | 0 |
_a2006 Lippincott's nursing drug guide / _cAmy M. Karch. |
|
| 264 |
_aPhiladelphia : _bLippincott Williams & Wilkins, _c©2006. |
||
| 300 |
_axvii, 1470 pages ; _c20 cm. |
||
| 336 |
_atext _btxt _2rdacontent |
||
| 337 |
_aunmediated _bn _2rdamedia |
||
| 338 |
_avolume _bnc _2rdacarrier |
||
| 650 | 0 |
_aDrugs _vAdministration _xHandbooks, manuals, etc. _95851 |
|
| 650 | 0 |
_aNursing _xHandbooks, manuals, etc. _91051 |
|
| 942 |
_cFR _2lcc |
||
| 999 |
_c80663 _d80662 |
||